Statistics for Saharan Countries on map quiz

Click here to take the quiz!

General Stats

  • This quiz has been taken 233 times
  • The average score is 10 of 10

Answers on the Map

Answers color-coded by a green-red scale on the quiz's map according to % correct below.
 

Answer Stats

Country% Correct
Egypt
100%
Libya
100%
Algeria
99%
Chad
99%
Sudan
99%
Tunisia
99%
Mali
98%
Morocco
98%
Mauritania
97%
Niger
96%

Score Distribution

Percentile by Number Answered

Percent of People with Each Score

Your Score History

You have not taken this quiz